00690nam a2200169 a 450000100100000000500170001000800410002704000250006810000290009324500670012226000690018930000200025804900090027895201050028795201110039299900170050300002741420200930030821.0110331s1979 dr 000 0 spa d aDO-SdBNPbspacBNPHU1 aAlvarez, Cipriano93510710aBoyoyo :bhuellas de un líder campesino /cCipriano Alvarez. aSanto Domingo :bEditorial Servicios Gráficos Diversos,c1979. a72 P. ;c22 cm. aBNPD 0010718PDaGRbGRcCTd2011-03-31iLF1l0o p27414-20r2020-06-25w2020-06-25yLFPDZNo se presta 0010718PDaPDbPDcCTd2011-03-31iLF1l0o p27414-10r2020-06-25te. 2w2020-06-25yLFPDZNo se presta c26906d26906